00541nam a2200145Ia 4500008004100000020001800041050002900059245009200088250001300180260006100193300002700254500002000281650004300301650005100344140529s9999 xx 000 0 und d a9780857110626 aRS 41b.R284r 2013 vol.1 aRemington :bthe science and practice of pharmacy /ceditor-in-chief, Loyd V. Allen Jr. a22nd ed. aLondon ; Philadelphia :bPharmaceutical Press, cc2013. a2 v. :bill. ;c29 cm. aIncludes index. aPharmacologyxHandbooks, manuals, etc. aPharmacyxPractice -- Handbooks, manuals, etc.